Latvia Immigration by Country - Statistics

General Stats
  • This quiz has been taken 609 times
  • The average score is 15 of 20
Answer Stats
# People Country % Correct
117,813 Russia
100%
2,874 Estonia
98%
14,343 Lithuania
97%
775 Poland
97%
32,563 Ukraine
96%
42,645 Belarus
95%
2,186 Germany
93%
549 United States
82%
1,303 India
73%
5,705 Kazakhstan
72%
1,298 Georgia
68%
1,725 Moldova
68%
716 Armenia
67%
1,973 Azerbaijan
66%
2,594 Uzbekistan
66%
571 Tajikistan
64%
766 Kyrgyzstan
63%
558 Turkmenistan
61%
448 Norway
56%
946 Ireland
38%
No matching quizzes found
Score Distribution
Percent of People with Each Score
Percentile by Number Answered
Your Score History
You have not taken this quiz